Score 0/8 Timer 02:00
1 Play Today
#1 Song Missing Word % Correct
Thank U, ____Next
87.9%
God's ____Plan
87.3%
I ____ ItLike
81.7%
This is ____America
73.5%
____ Like YouGirls
72.9%
____ ModeSicko
63.5%
In My ____Feelings
59%
____ For WhatNice
54.3%

Today's Daily Dose

Remove Ads.
Support Sporcle.
Get the best of Sporcle when you Go Orange. This ad-free experience offers more features, more stats, and more fun while also helping to support Sporcle. Thank you for becoming a member.

You're not logged in!

Compare scores with friends on all Sporcle quizzes.
OR
Log In

Show Comments

Extras

Top Quizzes Today


Score Distribution

Your Account Isn't Verified!

In order to create a playlist on Sporcle, you need to verify the email address you used during registration. Go to your Sporcle Settings to finish the process.

Report this User

Report this user for behavior that violates our Community Guidelines.

Details: